| 000 | 00635nam a2200217 a 4500 | ||
|---|---|---|---|
| 999 |
_c2796 _d2796 |
||
| 001 | 2796 | ||
| 003 | BD-JhCC | ||
| 005 | 20171106202136.0 | ||
| 008 | 171106s1985 bg |||| ||a| 000 0 ben d | ||
| 035 | _a(BD-JhCC)2796 | ||
| 040 |
_aBD-JhCC _dBD-JhCC |
||
| 041 | _aben | ||
| 082 |
_a891.443 _bRAS 1985 |
||
| 100 | _aরশীদ, সামস | ||
| 245 |
_aক্যামেলিয়া সিনেনসিস / _cসামস রশীদ, |
||
| 260 |
_aঢাকা : _bরাশীদ পাবলিকেশনস, _c1985 |
||
| 300 |
_a238 p. : _c22 cm. |
||
| 650 | _aBengali Novel | ||
| 942 |
_2ddc _cBK |
||